LEADER 01390nam a2200301 u 4500 001 000000039469 003 CaOOAMICUS 005 20070226114007.0 008 980514s1982 mau u000 u eng u 020 $a0815804075 035 $a10794444 040 $aPUL(R)$bita 100 1 $aCostanzo, Joseph F.$0(OLS)http://pul/name/29357 245 10$aPolitical and legal studies /$cby Joseph F. Costanzo, S.J. 260 $aWest Hanover :$bThe Christopher Publishing House,$c1982. 300 $a2 v. ;$c23 cm 504 $aBibliografia p. 456-466. 505 0 $av. 1. Politeia -- v. 2. Studies in american constitutional law. 650 4$aDiritto costituzionale$zStati Uniti$xCritica e interpretazione.$0(OLS)http://pul/subject/9081 850 $aPUL 852 $aPUL$W1$xSL Diritto e Scienze Sociali 1$y4$m176 G 4-5$j53715$nBK-PRI$b $qStampati$B53715$CPULBib$Z2$F53715 $H $81 852 $aPUL$W1$xSL Diritto e Scienze Sociali 1$y4$m176 G 4-5$j53715$nBK-PRI$b $qStampati$B53716$CPULBib$Z2$F53716 $H $81 941 1 $a8 961 $aINV: 49781, 49782 961 $aINV: 49781, 49782 996 $6020$a0815804075$9(OLS)http://pul/number/49126 996 $6245$aPolitical and legal studies$9(OLS)http://pul/title/53423 996 $6260$aWest Hanover :$bThe Christopher Publishing House$9(OLS)http://pul/publisher/64035 LEADER 01184nam a2200277 a 4500 001 000000169388 003 CaOOAMICUS 005 20180924114753.0 008 180924s1990 it u000 u ita r 020 $a88-04-33320-0* 032 $aLibriCat 040 $aPUL$bita 100 1 $aZanzotto, Andrea.$0(OLS)http://pul/name/87491 245 14$aGli sguardi i fatti e Senhal / $cAndrea Zanzotto ; con un intervento di Stefano Agosti e alcune osservazioni dell'autore . 260 $aMilano :$bArnoldo Mondadori,$c1990. 300 $a52 p. ; $c20 cm. 490 1 $aLo specchio. I poeti del nostro tempo 700 1 $aAgosti, Stefano.$0(OLS)http://pul/name/84888 830 3$aLo specchio.$pI poeti del nostro tempo.$0(OLS)http://pul/title/112409 850 $aPUL 852 $aPUL$W1$xDP1 Fondo Dalla Palma$y117$m9 E 62$j192510$qFondi$B197380$CPULBib$Z2$F197380 $HDal719 $81 941 1 $a1 996 $6020$a88-04-33320-0*$9(OLS)http://pul/number/164714 996 $6245$aGli sguardi i fatti e Senhal / $9(OLS)http://pul/title/209973 996 $6260$aMilano :$bArnoldo Mondadori$9(OLS)http://pul/publisher/60431